=LDR 00000nam 2200000 4500 =001 INLIS000000000004451 =005 20250717104030 =035 ##$$a 0010-0725000262 =007 ta =008 250717###########################0#ind## =020 ##$$a - =082 ##$$a 613.943 =084 ##$$a 613.943 BAD a =245 1#$$a Analisis Pencapaian Kemerataan Peserta KB Mandiri Tahun 1993/1994 : $b - /$c Badan Koordinasi Keluarga Berencana Nasional =250 ##$$a cetakan pertama =260 ##$$a Jakarta :$b Badan Koordinasi Keluarga Berencana Nasional,$c 1994 =300 ##$$a 64 halaman : $b - ; $c 21 cm$e - =650 #4$$a Program KB =110 #$$a Badan Koordinasi Keluarga Berencana Nasional. =856 ##$$a Perpustakaan BKKBN